Skoczkowie którzy w sezonie 2019/2020 osiągnęli powyżej 200p - Statystyki

Ogólne statystyki
  • Ten quiz został rozwiązany 240 razy
  • Średni wynik to 21 z 28
Statystyki odpowiedzi
Narodowość Skoczek % Poprawnych
Polska Kamil Stoch
100%
Austria Stefan Kraft
100%
Polska Dawid Kubacki
99%
Polska Piotr Żyła
98%
Japonia Ryoyu Kobayashi
95%
Słowenia Domen Prevc
94%
Słowenia Peter Prevc
94%
Niemcy Karl Geiger
93%
Norwegia Daniel Andre Tande
84%
Norwegia Robert Johansson
81%
Czechy Roman Koudelka
81%
Norwegia Johan Andre Forfang
80%
Japonia Yukiya Sato
78%
Niemcy Markus Eisenbichler
74%
Słowenia Timi Zajc
74%
Norwegia Marius Lindvik
73%
Szwajcaria Killian Peier
70%
Japonia Daiki Ito
69%
Niemcy Stephan Leyhe
69%
Słowenia Anze Lanisek
68%
Austria Daniel Huber
61%
Austria Michael Hayboeck
61%
Austria Philipp Aschenwald
55%
Niemcy Constantin Schmid
51%
Niemcy Pius Paschke
50%
Austria Gregor Schlierenzauer
44%
Słowenia Ziga Jelar
41%
Austria Jan Hoerl
38%
Nie znaleziono quizów pasujących do podanych kryteriów
Rozkład punktacji
Procent ludzi z każdym wynikiem
Percentyl według liczby udzielonych odpowiedzi
Twoja historia wyników
Nie rozwiązałeś tego quizu